Pretty Little Liars - Statistics

General Stats
  • This quiz has been taken 506 times
  • The average score is 10 of 11
Answer Stats
Hint Answer % Correct
Artist Aria
100%
Athlete Emily
100%
English Teacher Ezra
100%
Beauty Hanna
100%
Brains Spencer
100%
Queen Bee Alison
99%
Hacker Caleb
98%
Who was revealed as -A in Season 1 and 2? Mona
98%
Broody biker boy Toby
96%
Who died in Season 1? Ian
54%
-A team in Season 3? Mona and Toby
12%
No matching quizzes found
Score Distribution
Percent of People with Each Score
Percentile by Number Answered
Your Score History
You have not taken this quiz